JT Music- To The Bone PART 1 - Statistics

General Stats
  • This quiz has been taken 16 times
  • The average score is 287 of 465
Answer Stats
. Answer % Correct
. bone
100%
. fall
100%
. sans?
100%
. sans!
100%
. sans
100%
. the
100%
. a
89%
. and
89%
. dude
89%
. fallen
89%
. from
89%
. go
89%
. got
89%
. has
89%
. human
89%
. i
89%
. I
89%
. is
89%
. it
89%
. surface
89%
. to
89%
. up
89%
. wake
89%
. we
89%
. what
89%
. (what)
89%
. world
89%
. you
89%
. be
78%
. him
78%
. how
78%
. ill
78%
. i'll
78%
. pick
78%
. pun
78%
. real
78%
. so
78%
. was
78%
. welcome
78%
. with
78%
. all
67%
. around
67%
. bit
67%
. brother
67%
. brought
67%
. call
67%
. can
67%
. dont
67%
. dropped
67%
. for
67%
. give
67%
. happy
67%
. hes
67%
. hey
67%
. humans
67%
. if
67%
. im
67%
. in
67%
. just
67%
. lazy
67%
. look
67%
. me
67%
. mind
67%
. monster
67%
. monsters
67%
. my
67%
. no
67%
. of
67%
. often
67%
. one
67%
. papyrus
67%
. popular
67%
. puns
67%
. really
67%
. see
67%
. show
67%
. that
67%
. thick
67%
. time
67%
. underground
67%
. us
67%
. wanna
67%
. want
67%
. were
67%
. when
67%
. your
67%
. again
56%
. alot
56%
. alright
56%
. another
56%
. apathetic
56%
. are
56%
. awfullest
56%
. back
56%
. bad
56%
. banter
56%
. because
56%
. betrayed
56%
. burning
56%
chorus
56%
. day
56%
. down
56%
. easy
56%
. enough
56%
. finished
56%
. follow
56%
. have
56%
. here
56%
. joke
56%
. kind
56%
. know
56%
. last
56%
. left
56%
. line
56%
. make
56%
. manners
56%
. mess
56%
. motivations
56%
. now
56%
. our
56%
. rib
56%
. skin
56%
. spine
56%
. takes
56%
. tickler
56%
. ugh
56%
. way
56%
. well
56%
. we'll
56%
. you're
56%
. youre
56%
. aren't
44%
. but
44%
. clever
44%
. cut
44%
. determination
44%
. done
44%
. excuse
44%
. get
44%
. great
44%
. joking
44%
. like
44%
. or
44%
. relate
44%
. should
44%
. sins
44%
. someones
44%
. sounds
44%
. stop
44%
. story
44%
. stuck
44%
. swallow
44%
. than
44%
. thanks
44%
. this
44%
. through
44%
. travels
44%
. very
44%
. will
44%
. you've
44%
. youve
44%
. bite
33%
. bones
33%
. brawl
33%
. brilliant
33%
. broken
33%
. by
33%
. challenge
33%
. consequences
33%
. could
33%
. creepypastas
33%
. dare
33%
. dust
33%
. eccentric
33%
. ever
33%
. evil
33%
. full
33%
. funny
33%
. getting
33%
. good
33%
. heart
33%
. imbecile
33%
. leave
33%
. love
33%
. luck
33%
. mercy
33%
. more
33%
. out
33%
. prepare
33%
. ready
33%
. test
33%
. try
33%
. turn
33%
. who's
33%
. alone
22%
. am
22%
. (ayy)
22%
. befuddled
22%
. buddy
22%
. cmon
22%
. lose
22%
. mastermind
22%
. puzzles
22%
. smells
22%
. (yep)
22%
. youll
22%
. you'll
22%
. aint
11%
. alive
11%
. already
11%
. amuse
11%
. being
11%
. bored
11%
. catch
11%
. child
11%
. couldnt
11%
. dead
11%
. decide
11%
. deeper
11%
. even
11%
. flowers
11%
. font
11%
. gets
11%
. guard
11%
. had
11%
. hard
11%
. harmless
11%
. honest
11%
. hours
11%
. kidding
11%
. made
11%
. messier
11%
. might
11%
. myself
11%
. nothing
11%
. ofyour
11%
. only
11%
. promise
11%
. royal
11%
. someday
11%
. spaghetti
11%
. start
11%
. still
11%
. talking
11%
. tell
11%
. wander
11%
. wanted
11%
. you'd
11%
. accomplice
0%
. join
0%
No matching quizzes found
Score Distribution
Percent of People with Each Score
Percentile by Number Answered
Your Score History
You have not taken this quiz